Creative learning; a handbook for teachers and trainers / (Record no. 421801)

000 -LEADER
fixed length control field 00953 a2200157 4500
003 - CONTROL NUMBER IDENTIFIER
control field NUST
005 - DATE AND TIME OF LATEST TRANSACTION
control field 20230124091627.0
008 - FIXED-LENGTH DATA ELEMENTS--GENERAL INFORMATION
fixed length control field 230124b ||||| |||| 00| 0 eng d
082 ## - DEWEY DECIMAL CLASSIFICATION NUMBER
Classification number 371.3,PRA
100 ## - MAIN ENTRY--PERSONAL NAME
Personal name Prakash, Vijoy
9 (RLIN) 107474
245 ## - TITLE STATEMENT
Title Creative learning; a handbook for teachers and trainers /
Statement of responsibility, etc. Vijoy Prakash
260 ## - PUBLICATION, DISTRIBUTION, ETC.
Place of publication, distribution, etc. New Delhi
Name of publisher, distributor, etc. Viva Books Pvt ltd
Date of publication, distribution, etc. 2007
300 ## - PHYSICAL DESCRIPTION
Extent xi, 390p.
505 ## - FORMATTED CONTENTS NOTE
Formatted contents note Introduction (Page-1), Understanding Creativity (Page-13), What is Creative learning (Page-28), Natural learning process (Page-34), System model of creative learning (Page-85), Modern concept of education (Page-137), Creativity through education (Page-160), Creative learning methodology (Page-186), Activities for learning about symbols and patterns (Page-220), Activities for development of natural learning process (Page-256), Creating new learning Occasions (Page-337), Monitoring and Evaluation (Page-373).
942 ## - ADDED ENTRY ELEMENTS (KOHA)
Koha item type Book
Source of classification or shelving scheme
Call number prefix 371.3,PRA
Holdings
Withdrawn status Lost status Source of classification or shelving scheme Damaged status Not for loan Permanent Location Current Location Shelving location Date acquired Total Checkouts Full call number Barcode Date last seen Price effective from Koha item type Public note
          Military College of Signals (MCS) Military College of Signals (MCS) General Stacks 01/24/2023   371.3,PRA MCS37789 01/24/2023 01/24/2023 Book Almirah No. 54, Shelf No. 2
© 2023 Central Library, National University of Sciences and Technology. All Rights Reserved.